| 000 | 00611nam a22001695i 4500 | ||
|---|---|---|---|
| 001 | 157344 | ||
| 003 | ES-MaACL | ||
| 005 | 20230906210646.0 | ||
| 008 | 040806s1868 fr |||| | fre d | ||
| 040 |
_aCAM _bspa _cCAM |
||
| 100 | 1 |
_aLe Bon, Gustave. _970835 |
|
| 245 | 1 | 0 |
_aPhysiologie de la génération de l'homme et des principaux êtres vivants... / _cpar Gustave Le Bon. |
| 260 |
_aParis : _bP. Lebigre-Duquesne, éditeur, _c1868 ( _fTyp. de Rouge Frères, Dunon et Fresné) |
||
| 300 |
_a413 p. : _bil. ; _c18 cm. |
||
| 650 | 4 |
_aFisiología humana. _912890 |
|
| 852 |
_aES-MaACL _jG-10921 _z-- Enc. tela |
||
| 999 |
_c157344 _d157344 |
||